| 000 | 00755nam a22002057a 4500 | ||
|---|---|---|---|
| 003 | OSt | ||
| 005 | 20241129124150.0 | ||
| 008 | 241129b |||||||| |||| 00| 0 eng d | ||
| 020 | _a9780406851017 | ||
| 040 | _cCentral University Library | ||
| 245 |
_aThe All England Law Reports 1971 Vol. 3 _cEditor: Paul H Niekirk MA; R N G Harrison BA |
||
| 260 |
_aLondon, United Kingdom _bButterworth & Co. (Publishers) Ltd. _c1971 |
||
| 300 |
_alvi, 1376 pages _c23.5 cm |
||
| 490 | _3Law Reports | ||
| 500 | _aTHE ALL ENGLAND LAW REPORTS - 1971 VOLUME 3. | ||
| 600 |
_2Law Reports _xEngland |
||
| 700 |
_aPaul H Niekirk MA (of Gray's Inn, Barrister) _eConsulting Editor |
||
| 700 |
_aR N G Harrison BA (of Lincoln's Inn, Barrister) _eEditor |
||
| 942 |
_2lcc _cBK _n0 |
||
| 999 |
_c1751 _d1751 |
||